Topografía / (Registro nro. 513)
[ vista simple ]
| 000 -LEADER | |
|---|---|
| fixed length control field | 01478nam a2200277Ia 4500 |
| 003 - CONTROL NUMBER IDENTIFIER | |
| control field | PE SENCICO BE |
| 005 - DATE AND TIME OF LATEST TRANSACTION | |
| control field | 20251124152004.0 |
| 008 - FIXED-LENGTH DATA ELEMENTS--GENERAL INFORMATION | |
| fixed length control field | 200515s9999 xx 000 0 und d |
| 020 ## - INTERNATIONAL STANDARD BOOK NUMBER | |
| International Standard Book Number | 84-329-2401-6 |
| 040 ## - CATALOGING SOURCE | |
| Original cataloging agency | PE SENCICO BE |
| Transcribing agency | PE SENCICO BE |
| 041 ## - LANGUAGE CODE | |
| Language code of text/sound track or separate title | spa |
| 082 ## - DEWEY DECIMAL CLASSIFICATION NUMBER | |
| Classification number | 526.9 |
| Item number | V18O 1993 |
| 100 1# - MAIN ENTRY--PERSONAL NAME | |
| Personal name | Valdés Doménech, Francisco |
| 9 (RLIN) | 3283 |
| Relator term | autor |
| 245 10 - TITLE STATEMENT | |
| Title | Topografía / |
| Statement of responsibility, etc. | Francisco Valdés Doménech |
| 250 ## - EDITION STATEMENT | |
| Edition statement | 4a ed. |
| 260 ## - PUBLICATION, DISTRIBUTION, ETC. | |
| Place of publication, distribution, etc. | Barcelona : |
| Name of publisher, distributor, etc. | ediciones SAC ; |
| Date of publication, distribution, etc. | 1993 |
| 300 ## - PHYSICAL DESCRIPTION | |
| Extent | 352 páginas : |
| Other physical details | ilustraciones, tablas, gráficos ; |
| Dimensions | 24 cm. |
| 490 ## - SERIES STATEMENT | |
| Series statement | Biblioteca CEAC del topógrafo |
| 505 0# - FORMATTED CONTENTS NOTE | |
| Formatted contents note | Forma y elementos de la tierra -- Unidades de medida. Escalas -- Magnetismo terrestre -- El terreno y su representación -- Teoría elemental de errores -- Medida de ángulos -- Medición directa de distancias -- Medida indirecta de distancias -- Métodos planimétricos -- Intersección inversa -- Métodos elementales de determinación de puntos -- Nivelación geométrica -- Nivelación trigonométrica -- Nivelación barométrica -- Triangulación -- Taquimetría |
| 520 3# - SUMMARY, ETC. | |
| Summary, etc. | Sumamente provechoso para los principiantes en el arte de describir y representar los detalles y particularidades de la superficie del terreno, para los profesionales de la construcción. |
| 650 10 - SUBJECT ADDED ENTRY--TOPICAL TERM | |
| Topical term or geographic name entry element | Topografía |
| 9 (RLIN) | 4 |
| 650 20 - SUBJECT ADDED ENTRY--TOPICAL TERM | |
| Topical term or geographic name entry element | Medición de distancias |
| 9 (RLIN) | 3260 |
| 650 20 - SUBJECT ADDED ENTRY--TOPICAL TERM | |
| Topical term or geographic name entry element | Nivelaciones topográficas |
| 9 (RLIN) | 3292 |
| 650 20 - SUBJECT ADDED ENTRY--TOPICAL TERM | |
| Topical term or geographic name entry element | Taquimetría |
| 9 (RLIN) | 912 |
| 942 ## - ADDED ENTRY ELEMENTS (KOHA) | |
| Koha item type | Libros |
| Source of classification or shelving scheme | Dewey Decimal Classification |
| Fecha de la última vez que lo usaron | Número de ingreso o de inventario | Pago total | Signatura topográfica completa | Código de barras | Precio efectivo desde | Tipo de documento | Estado perdido | Sistema de clasificación | Estado dañado | No es para préstamo | Retirado | Ubicación permanente | Ubicación actual | Fecha de adquisición |
|---|---|---|---|---|---|---|---|---|---|---|---|---|---|---|
| 15/05/2020 | 10386 | 526.9/V18O/1993 | BibLima25100041 | 15/05/2020 | Libros | Dewey Decimal Classification | Biblioteca Central Lima | Biblioteca Central Lima | 15/05/2020 |